| 000 | 00707nam a22002057i 4500 | ||
|---|---|---|---|
| 999 |
_c23394 _d23394 |
||
| 003 | AR-CdUCM | ||
| 008 | 250904b ||||| |||| 00| 0 spa d | ||
| 020 | _a978-612-00-4804-7 | ||
| 040 |
_aMUNICIPALIDAD PROVINCIAL DEL CUSCO _cBIBLIOTECA MUNICIPAL DEL CUSCO |
||
| 041 | _hspa | ||
| 082 |
_a232.954 / L68 _bL68 |
||
| 100 |
_aLiva Quillahuamán, Jorge C. _951504 |
||
| 245 |
_aJesuspa Rikch'anachiy Siminkuna : _bLas parábolas de Jesús / |
||
| 260 |
_aCusco : _bAutor-Editor _c2019 |
||
| 300 |
_a94 páginas. : _bIlustraciones _c17x12 cm. |
||
| 505 | _aPatara reqsichiy -- Pampachaymanta rich'anachiy simi | ||
| 650 |
_aParábolas en quechua _951505 |
||
| 942 |
_2ddc _cLIBROS |
||
| 945 |
_apbjr _d4-09-2025 |
||